Kyrgyzstan-less things Quiz Stats

 Plays Quiz Updated Nov 27, 2017

Challenge
Share
Tweet
Embed
Score 0/16 Timer 10:00
1 Play Today
Group Kyrgyzstan-less Member % Correct
Colors of the RainbowBlue
97%
Seven DwarfsDoc
80.3%
U.S. StatesOhio
68.8%
Pixar Feature FilmsUp, Coco
61.2%
Canadian ProvincesQuebec
49.7%
Periodic Table ElementsHelium, Holmium
39.2%
AKC Recognized Dog BreedsChow Chow, Collie, Poodle, Puli
30.5%
Members of the United NationsChile, Fiji, Mexico
26.9%
Group Kyrgyzstan-less Member % Correct
Beatles Studio AlbumsHelp!
25.8%
Books of the King James BibleJob, Joel, Jude
22.1%
Novels by Stephen KingCell, Cujo
19.2%
Papal NamesFelix, Leo
17.4%
5 Million+ Population CitiesDelhi (India)
9.9%
100 Most Popular U.S. Male Baby Names in 2009Cole, Levi, Eli
7.4%
100 Most Popular U.S. Female Baby Names in 2009Chloe
4.9%
British Prime Ministers (Last Name)Peel, Cecil (the Marquess of Salisbury)
3.2%

You're not logged in!

Compare scores with friends on all Sporcle quizzes.
OR
Log In

You Might Also Like...

Show Comments

Extras

Top Quizzes Today


Score Distribution

Your Account Isn't Verified!

In order to create a playlist on Sporcle, you need to verify the email address you used during registration. Go to your Sporcle Settings to finish the process.

Report this User

Report this user for behavior that violates our Community Guidelines.

Details: